Stories from the Italian Poets : (Record no. 239890)
[ view plain ]
| 000 -LEADER | |
|---|---|
| fixed length control field | 01386cam a22002893a 4500 |
| 001 - CONTROL NUMBER | |
| control field | 10635 |
| 003 - CONTROL NUMBER IDENTIFIER | |
| control field | PGUSA |
| 005 - DATE AND TIME OF LATEST TRANSACTION | |
| control field | 20140828083227.0 |
| 008 - FIXED-LENGTH DATA ELEMENTS--GENERAL INFORMATION | |
| fixed length control field | 040101s2004||||xxu|||||s|||||000 p eng d |
| 040 ## - CATALOGING SOURCE | |
| Original cataloging agency | PGUSA |
| Language of cataloging | eng |
| 042 ## - AUTHENTICATION CODE | |
| Authentication code | dc |
| 050 #4 - LIBRARY OF CONGRESS CALL NUMBER | |
| Classification number | PQ |
| 100 1# - MAIN ENTRY--PERSONAL NAME | |
| Personal name | Hunt, Leigh, |
| Dates associated with a name | 1784-1859 |
| 245 10 - TITLE STATEMENT | |
| Title | Stories from the Italian Poets : |
| Remainder of title | with Lives of the Writers, Volume 2 |
| Medium | [electronic resource] / |
| Statement of responsibility, etc | Leigh Hunt |
| 260 ## - PUBLICATION, DISTRIBUTION, ETC. (IMPRINT) | |
| Name of publisher, distributor, etc | Project Gutenberg, |
| Date of publication, distribution, etc | 2004 |
| 505 0# - FORMATTED CONTENTS NOTE | |
| Formatted contents note | BOIARDO. Critical notice of his life and genius -- The adventures of Angelica -- The death of Agrican -- The Saracen friends, Part the Second -- Seeing and believing -- ARIOSTO. Critical notice of his life and genius -- The adventures of Angelica -- Astolfo's journey to the moon -- Ariodante and Ginerva -- Suspicion -- Isabella -- TASSO. Critical notice of his life and genius -- Olindo and Sophronia -- Tancred and Clorinda -- Rinaldo and Armida; with the adventure of the enchanted forest. |
| 506 ## - RESTRICTIONS ON ACCESS NOTE | |
| Terms governing access | Public domain in the USA. |
| 516 ## - TYPE OF COMPUTER FILE OR DATA NOTE | |
| Type of computer file or data note | Electronic text |
| 653 ## - INDEX TERM--UNCONTROLLED | |
| Uncontrolled term | Poets, Italian -- Biography |
| 653 ## - INDEX TERM--UNCONTROLLED | |
| Uncontrolled term | Italian poetry -- Translations into English |
| 700 1# - ADDED ENTRY--PERSONAL NAME | |
| Personal name | Ariosto, Lodovico, |
| Dates associated with a name | 1474-1533 |
| 700 1# - ADDED ENTRY--PERSONAL NAME | |
| Personal name | Tasso, Torquato, |
| Dates associated with a name | 1544-1595 |
| 700 1# - ADDED ENTRY--PERSONAL NAME | |
| Personal name | Boiardo, Matteo Maria, |
| Dates associated with a name | 1440-1494 |
| 830 #0 - SERIES ADDED ENTRY--UNIFORM TITLE | |
| Uniform title | Project Gutenberg |
| Volume number/sequential designation | 10635 |
| 856 40 - ELECTRONIC LOCATION AND ACCESS | |
| Uniform Resource Identifier | <a href="http://www.gutenberg.org/ebooks/10635">http://www.gutenberg.org/ebooks/10635</a> |
| 942 ## - ADDED ENTRY ELEMENTS (KOHA) | |
| Koha item type | eBooks |
| Withdrawn status | Lost status | Damaged status | Home library | Current library | Date acquired | Total Checkouts | Date last seen | Price effective from | Koha item type |
|---|---|---|---|---|---|---|---|---|---|
| Project Gutenberg | Project Gutenberg | 08/28/2014 | 08/28/2014 | 08/28/2014 | eBooks |